000 00952cam a22002773a 4500
001 7775
003 PGUSA
005 20140828083149.0
008 050301s2005||||xxu|||||s|||||000 | eng d
040 _aPGUSA
_beng
042 _adc
050 4 _aPR
100 1 _aMoore, Thomas,
_d1779-1852
245 1 0 _aMemoirs of the Life of the Rt. Hon. Richard Brinsley Sheridan — Volume 02
_h[electronic resource] /
_cThomas Moore
260 _bProject Gutenberg,
_c2005
506 _aPublic domain in the USA.
516 _aElectronic text
653 _aGreat Britain -- Politics and government -- 1760-1820
653 _aTheatrical managers -- Great Britain -- Biography
653 _aLegislators -- Great Britain -- Biography
653 _aSheridan, Richard Brinsley, 1751-1816
653 _aDramatists, English -- 18th century -- Biography
830 0 _aProject Gutenberg
_v7775
856 4 0 _uhttp://www.gutenberg.org/ebooks/7775
942 _cEB
999 _c237075
_d237075